La Dominique pour les touristes... - Statistiques

Statistiques générales
  • Ce quiz a été pris 2 fois
  • Le résultat moyen est 9 sur 20
Statistiques - réponses
Question Indice Réponses % Correct
Combien d'heures (environ) mettrez-vous pour vous y rendre ? (en chiffres) 10
100%
Dans la capitale quel est le décalage horaire avec Paris ? (+ ou - et chiffre) ex - 10 - 6
100%
La vitesse est limitée hors des villes à {80} km/h
100%
Quelle est la langue officielle ? Anglais
100%
Autre langue parlée Français
100%
Avez-vous besoin d'un visa ? (oui/non) Non
100%
Quel est le climat local ? T Tropical
100%
Comment se nomme la principale compagnie aérienne locale C A Caribbean Airlines
50%
Achats à faire 1/ A mettre sur les tartines Confiture
50%
La conduite se fait à droite ou à gauche ? Gauche
50%
Quelles sont les principaux lieux touristiques ? R Roseau
50%
La religion majoritaire est Catholicisme
0%
Quelles sont les principaux lieux touristiques ? M Chutes de {Middleham}
0%
Le suffixe internet est dm
0%
Quelle est la monnaie ? Dollar de la caraibe orientale
0%
Achats à faire 2/ Masques Kalinagos
0%
Le principal aéroport est M Marigot
0%
Quelles sont les principaux lieux touristiques ? M T P Parc national du {Morne Trois Pitons}
0%
Quelles sont les principaux lieux touristiques ? B Plage de {Batibou}
0%
Achats à faire 3/ Panier Tressé
0%
Aucun quiz correspondant
Distribution des résultats
% des personnes avec chaque résultat
Percentile par nombre de réponses
Votre historique - résultats
Vous n’avez pas pris ce quiz